Controlling east-West trade and technology transfer : power, politics, and policies
Saved in:
| 其他作者: | |
|---|---|
| 格式: | 未知 |
| 出版: |
Durham :
Duke University Press,
c1998
|
| 主题: | |
| 标签: |
添加标签
没有标签, 成为第一个标记此记录!
|
MARC
| LEADER | 00000 a2200000 4500 | ||
|---|---|---|---|
| 020 | |a 822308436 |c TZS 27996/= | ||
| 040 | |a MUL |b eng. |e AACR | ||
| 082 | |a 382 CON | ||
| 245 | |a Controlling east-West trade and technology transfer : |b power, politics, and policies |c / edited by Gary K. Bertsch | ||
| 260 | |a Durham : |b Duke University Press, |c c1998 | ||
| 300 | |a xiv, 506 p. ; |c 25 cm. | ||
| 504 | |a Includes bibliographic and index | ||
| 650 | |a East - Waste trade | ||
| 650 | |a Technology transfer - Communist coutries | ||
| 650 | |a Export control - united States | ||
| 650 | |a Export control - Europe | ||
| 700 | |a Bertsch, Gary K. |c (editor) | ||
| 942 | |c BK | ||
| 999 | |c 574 |d 574 | ||